000 00442nam a2200145Ia 4500
008 240729s9999 xx 000 0 und d
022 _a2413-2349
245 0 _aJournal of Vasyl Stefanyk Precarpathian National University
260 _aUkraine
260 _bVasyl Stefanyk Precarpathian National University
650 _aGeneral Works
856 _uhttps://doaj.org/toc/84cb3855bdd34c838516bac7ab29c179
942 _2ddc
942 _cDOAJEJ
999 _c72067
_d72067
945 _a1
_bMadushi Gamage
_c1
_dMadushi Gamage